Statistiques concernant Champions de Premier League. (1889 - …)

Cliquez ici pour prendre le quiz!

Statistiques générales

  • Ce quiz a été pris 9 439 fois
    (8 315 depuis la dernière actualisation)
  • Le résultat moyen est 14 sur 25

Statistiques - réponses

AnnéeChampions% Correct
1937 | 1968 | 2012 | 2014 | 2018 |
2019 | 2021 | 2022 | 2023
Manchester City
100%
1955 | 2005 | 2006 | 2010 | 2015 |
2017
Chelsea FC
99%
1908 | 1911 | 1952 | 1956 | 1957 |
1965 | 1967 | 1993 | 1994 | 1996 |
1997 | 1999 | 2000 | 2001 | 2003 |
2007 | 2008 | 2009 | 2011 | 2013
Manchester United
99%
1901 | 1906 | 1922 | 1923 | 1947 |
1964 | 1966 | 1973 | 1976 | 1977 |
1979 | 1980 | 1982 | 1983 | 1984 |
1986 | 1988 | 1990 | 2020
Liverpool FC
99%
1931 | 1933 | 1934 | 1935 | 1938 |
1948 | 1953 | 1971 | 1989 | 1991 |
1998 | 2002 | 2004
Arsenal FC
96%
2016 Leicester City
91%
1894 | 1896 | 1897 | 1899 | 1900 |
1910 | 1981
Aston Villa
81%
1978 Nottingham Forest
80%
1951 | 1961 Tottenham Hotspur
72%
1905 | 1907 | 1909 | 1927 Newcastle United
70%
1891 | 1915 | 1928 | 1932 | 1939 |
1963 | 1970 | 1985 | 1987
Everton FC
69%
1969 | 1974 | 1992 Leeds United
59%
1954 | 1958 | 1959 Wolverhampton Wanderers
45%
1921 | 1960 Burnley FC
39%
1892 | 1893 | 1895 | 1902 | 1913 |
1936
Sunderland AFC
38%
1930 Sheffield Wednesday
38%
1903 | 1904 | 1929 The Wednesday FC
38%
1912 | 1914 | 1995 Blackburn Rovers
37%
1898 Sheffield United
37%
1972 | 1975 Derby County
21%
1920 West Bromwich Albion
18%
1889 | 1890 Preston North End
15%
1949 | 1950 Portsmouth FC
15%
1962 Ipswich Town
12%
1924 | 1925 | 1926 Huddersfield Town
9%

Distribution des résultats

Percentile par nombre de réponses

% des personnes avec chaque résultat

Votre développement - résultats

Vous n’avez pas pris ce quiz depuis la dernière actualisation